| 000 | 00813nam a2200277 i 4500 | ||
|---|---|---|---|
| 003 | CO-BoRNBP | ||
| 005 | 20240805104948.0 | ||
| 007 | ta | ||
| 008 | 240805s1999 sp |||| |||| 00| 0 spa d | ||
| 020 | _a9788484034360 | ||
| 040 |
_aCO-BoRNBP _bspa _cCO-BoRNBP _erda |
||
| 041 | _aspa | ||
| 084 | _aC ESO1 | ||
| 100 |
_aEsopo _d600 a. C. - 564 a. C _eautor _941997 |
||
| 245 |
_aFábulas _bcompletas |
||
| 250 | _aPrimera edición | ||
| 264 | 1 |
_aMadrid, España _bEdimat Libros _c1999 |
|
| 300 |
_a158 páginas _calto 20cm ancho 13cm |
||
| 336 |
_2rdacontenido _atexto _btxt |
||
| 337 |
_2rdamedio _asin mediación _bn |
||
| 338 |
_2rdasoporte _avolumen _bnc |
||
| 490 | _aClásicos selección | ||
| 650 | 1 | 7 |
_2ARMARC _aLiteratuta universal _941998 |
| 650 | 1 | 7 |
_2ARMARC _acuentos griegos _941999 |
| 942 |
_2ddc _cBKINF |
||
| 999 |
_c38280 _d38280 |
||